| 000 | 01998mam a22003374a 4500 | ||
|---|---|---|---|
| 001 | 3090711 | ||
| 003 | ARRUPE | ||
| 005 | 20150414144655.0 | ||
| 008 | 001214s2001 mau b 001 0 eng | ||
| 010 | _a 00069773 | ||
| 020 | _a0631194363 (alk. paper) | ||
| 020 | _a0631194371 (pbk. : alk. paper) | ||
| 024 | _aR3-258992 | ||
| 035 | _a(OCoLC)ocm45621749 | ||
| 035 | _a(NNC)3090711 | ||
| 040 |
_aDLC _cDLC _dC#P _dOrLoB-B |
||
| 042 | _apcc | ||
| 050 | 0 | 0 |
_aB3376.W564 _bW5535 2001 |
| 082 | 0 | 0 |
_a192 _221 |
| 245 | 0 | 0 |
_aWittgenstein : _ba critical reader / _cedited by Hans-Johann Glock. |
| 260 |
_aMalden, Mass. : _bBlackwell Publishers, _c2001. |
||
| 300 |
_axxvii, 381 p. ; _c23 cm. |
||
| 490 | 1 | _aBlackwell critical readers | |
| 504 | _aIncludes bibliographical references (p. [367]-373) and index. | ||
| 505 | 0 | 0 |
_g1. _tThe Development of Wittgenstein's Philosophy / _rHans-Johann Glock -- _g2. _tThe So-called Picture Theory: Language and the World in Tractatus Logico-Philosophicus / _rHide Ishiguro -- _g3. _tThe Logical System of the Tractatus / _rHoward Mounce -- _g4. _tWittgenstein on Internationality / _rErich Ammereller -- _g5. _tMeaning and Understanding / _rBede Rundle -- _g6. _tFollowing a Rule / _rRobert L. Arrington -- _g7. _tThinking / _rOswald Hanfling -- _g8. _tThe Will / _rSteward Candlish -- _g9. _tPrivate Language and Private Experience / _rSeverin Schroeder -- _g10. _tThe Inner and the Outer / _rMichel ter Hark -- _g11. _tWittgenstein and 'I' / _rDavid Bakhurst -- _g12. _tSeeing Aspects / _rStephen Mulhall -- _g13. _tPhilosophy of Mathematics / _rPasquale Frascolla -- _g14. _tAutonomy / _rHubert Schwyzer -- _g15. _tWittgenstein on Scepticism and Certainty / _rA. C. Grayling -- _g16. _tPhilosophy / _rP. M. S. Hacker -- _g17. _tEthics, Faith and 'What Can Be Said' / _rD. Z. Phillips. |
| 600 | 1 | 0 |
_aWittgenstein, Ludwig, _d1889-1951. _913815 |
| 700 | 1 |
_aGlock, Hans-Johann, _d1960- _91227 _eed. |
|
| 830 | 0 |
_aBlackwell critical readers. _913816 |
|
| 900 | _bTOC | ||
| 942 |
_2lcc _cMONOGRAPH |
||
| 999 |
_c121619 _d121619 |
||